[Event "Lliga Catalana DH Final A"]
[Site "?"]
[Date "2015.03.21"]
[Round "9.8"]
[White "Serra Pages, J."]
[Black "Gonzalez Hernandez, F."]
[Result "1-0"]
[WhiteElo "2291"]
[BlackElo "2281"]
[PlyCount "125"]
[EventDate "2015.??.??"]
[EventType "team"]

1. d4 d5 2. c4 e6 3. Nc3 Be7 4. Bf4 Nf6 5. e3 O-O 6. Rc1 Nbd7 7. cxd5 exd5 8.
Bd3 c6 9. h3 Re8 10. Nf3 Nf8 11. O-O Bd6 12. Bxd6 Qxd6 13. a3 Ng6 14. Qc2 Ne7
15. Ne2 g6 16. Ng3 Be6 17. b4 a6 18. Qc5 Qd8 19. a4 Rc8 20. Rc2 Rf8 21. Qc3 Ne8
22. Qb3 Nd6 23. b5 Qb6 24. Rb1 cxb5 25. Rxc8 Rxc8 26. axb5 axb5 27. Ne2 Bd7 28.
Ne5 Qc7 29. Nxd7 Qxd7 30. Nc3 Nc4 31. Qxb5 Qxb5 32. Nxb5 Rc6 33. Bxc4 dxc4 34.
Nc3 Rc7 35. Kf1 f5 36. Ke2 Kf7 37. Rb6 Nc8 38. Rb4 Nd6 39. Nb5 Nxb5 40. Rxb5
Ke6 41. Kd2 Kd6 42. Kc3 Re7 43. g3 Rc7 44. h4 Ke6 45. Re5+ Kd6 46. h5 Rc8 47.
Rb5 Rc7 48. Rb6+ Kd5 49. hxg6 hxg6 50. Rxg6 Ke4 51. g4 f4 52. Re6+ Kf3 53. Rf6
b5 54. Rxf4+ Ke2 55. d5 b4+ 56. Kc2 b3+ 57. Kc3 Rb7 58. Rd4 Kxf2 59. d6 b2 60.
Rd2+ Kxe3 61. Rxb2 Rd7 62. Rd2 Kf4 63. Kxc4 1-0

[Event "Lliga Catalana DH Final A"]
[Site "?"]
[Date "2015.03.21"]
[Round "9.9"]
[White "Travesset Ribera, D."]
[Black "Colls Gelaberto, E."]
[Result "1/2-1/2"]
[WhiteElo "2273"]
[BlackElo "2240"]
[PlyCount "23"]
[EventDate "2015.??.??"]
[EventType "team"]

1. Nf3 Nf6 2. c4 c5 3. g3 d5 4. cxd5 Nxd5 5. Bg2 Nc6 6. O-O e5 7. Nc3 Nc7 8. d3
Be7 9. Nd2 Be6 10. Nc4 Nd5 11. Ne3 Nc7 12. Nc4 1/2-1/2

[Event "Lliga Catalana DH Final A"]
[Site "?"]
[Date "2015.03.21"]
[Round "9.10"]
[White "Parals Marce, L."]
[Black "Travesset Barba, J."]
[Result "1/2-1/2"]
[WhiteElo "2172"]
[BlackElo "2160"]
[PlyCount "140"]
[EventDate "2015.??.??"]
[EventType "team"]

1. c4 Nf6 2. g3 d6 3. Bg2 g6 4. Nc3 Bg7 5. e4 c5 6. Nge2 Nc6 7. O-O O-O 8. d3
Bd7 9. h3 Qc8 10. Kh2 a6 11. Bg5 h6 12. Be3 Rb8 13. Qd2 Kh7 14. Nd5 Nxd5 15.
cxd5 Nd4 16. Bxd4 cxd4 17. Rac1 Qd8 18. Rc2 Qb6 19. Rfc1 Rfc8 20. Rxc8 Rxc8 21.
Rxc8 Bxc8 22. Nc1 Bd7 23. Nb3 e5 24. Qa5 Qxa5 25. Nxa5 b5 26. h4 f5 27. Bh3 h5
28. f3 Bf6 29. Nc6 Kg7 30. Kg2 Kf7 31. Kf2 Ke8 32. Ke2 Bg7 33. Nb8 Bc8 34. Nc6
Bd7 35. Kf2 Bf6 36. Kg2 Kf7 37. b3 Ke8 38. Nb8 Bc8 39. exf5 gxf5 40. Nc6 Kf7
41. f4 exf4 42. gxf4 Kg6 43. Kg3 Kf7 44. Bg2 Bd7 45. Bf3 Kg6 46. Nb4 Bc8 47.
Nc2 Bd7 48. Na3 Bc8 49. Nb1 b4 50. Nd2 Bd8 51. Nf1 a5 52. Kh3 Ba6 53. Be2 Bb7
54. Bf3 Ba6 55. Be2 Bb7 56. Ng3 Bxd5 57. Bxh5+ Kf6 58. Be8 Bf3 59. Bh5 Bd5 60.
Ne2 Bb6 61. Be8 Ke7 62. Bh5 a4 63. Nc1 a3 64. Kg3 Kf6 65. Bf3 Bf7 66. Bc6 Bh5
67. Bf3 Bf7 68. Bd1 Kg7 69. Bf3 Kf6 70. Be2 Kg7 1/2-1/2

[Event "Lliga Catalana DH Final A"]
[Site "?"]
[Date "2015.03.21"]
[Round "9.2"]
[White "Delorme, A."]
[Black "Narciso Dublan, M."]
[Result "1-0"]
[WhiteElo "2483"]
[BlackElo "2520"]
[PlyCount "99"]
[EventDate "2015.??.??"]
[EventType "team"]

1. Nf3 d5 2. g3 Nf6 3. Bg2 Bf5 4. c4 e6 5. O-O c6 6. cxd5 exd5 7. d3 Be7 8. Nc3
O-O 9. Nd4 Bd7 10. e4 c5 11. Nf5 Bxf5 12. exf5 Nc6 13. Bg5 Qd7 14. g4 Rad8 15.
Rb1 Rfe8 16. Bxf6 Bxf6 17. Nxd5 Be5 18. Be4 Nb4 19. Nxb4 cxb4 20. Kg2 a5 21. a3
Qd6 22. h4 Qh6 23. axb4 axb4 24. Rh1 Qf4 25. Qf3 Qxf3+ 26. Kxf3 Rc8 27. Rhe1
Kf8 28. Bxb7 Rc2 29. b3 Bd4 30. Rxe8+ Kxe8 31. Rf1 Rd2 32. Ba6 f6 33. Bc4 Kd7
34. Kg3 Kd6 35. f4 Re2 36. g5 Ra2 37. Bg8 h6 38. gxh6 gxh6 39. Bc4 Re2 40. Kg4
Rh2 41. Re1 Rxh4+ 42. Kg3 Rh5 43. Be6 Bc3 44. Rd1 Bd4 45. Rc1 Bc3 46. d4 Bd2
47. Rd1 Bc3 48. d5 Bb2 49. Bf7 Rxf5 50. Kg4 1-0

[Event "Lliga Catalana DH Final A"]
[Site "?"]
[Date "2015.03.24"]
[Round "9.3"]
[White "Romero Holmes, A."]
[Black "Vila Gazquez, X."]
[Result "1-0"]
[WhiteElo "2540"]
[BlackElo "2512"]
[PlyCount "91"]
[EventDate "2015.??.??"]
[EventType "team"]

1. e4 c5 2. Nf3 e6 3. c3 Nf6 4. Bd3 d6 5. Bc2 Be7 6. d4 Nbd7 7. O-O Qc7 8. Re1
e5 9. dxe5 dxe5 10. c4 O-O 11. Nc3 a6 12. Qe2 h6 13. Nd2 Nb8 14. Nd5 Qd8 15.
Ba4 Bd6 16. Nxf6+ Qxf6 17. Nf1 Qg6 18. Ng3 Nd7 19. Rd1 Nb6 20. Bc2 Re8 21. Be3
Bf8 22. b4 Qc6 23. b5 Qe6 24. a4 Qxc4 25. Bd3 Qe6 26. a5 Nd7 27. Bc4 Qg6 28.
Rab1 axb5 29. Bxb5 Qe6 30. Qd2 Rd8 31. Nf5 g6 32. Nxh6+ Kg7 33. Qc3 f6 34. Bc4
Qc6 35. Nf7 Re8 36. Bh6+ Kh7 37. Bxf8 Nxf8 38. Bb5 Qe6 39. Bxe8 Qxe8 40. Nd6
Qc6 41. Rb6 Qa4 42. Ra1 Qd4 43. Qxd4 exd4 44. Nxc8 Rxc8 45. Rxb7+ Kh6 46. a6
1-0

[Event "Lliga Catalana DH Final A"]
[Site "?"]
[Date "2015.03.21"]
[Round "9.4"]
[White "Pardo Simon, D."]
[Black "Gual Pascual, A."]
[Result "1-0"]
[WhiteElo "2474"]
[BlackElo "2511"]
[PlyCount "99"]
[EventDate "2015.??.??"]
[EventType "team"]

1. d4 g6 2. e4 Bg7 3. Nc3 d6 4. f4 a6 5. Nf3 b5 6. Bd3 Nd7 7. e5 c5 8. Be4 Rb8
9. Be3 b4 10. Ne2 Qc7 11. O-O Nh6 12. exd6 exd6 13. dxc5 Nxc5 14. Bd4 O-O 15.
Bxg7 Kxg7 16. Bd5 Ne6 17. Bxe6 fxe6 18. Qd4+ Kg8 19. Ng3 Rb5 20. Rad1 Rd5 21.
Qxb4 Rxd1 22. Rxd1 d5 23. Qd2 Qxf4 24. c3 Qxd2 25. Rxd2 Nf7 26. Re2 Kg7 27. Nf1
a5 28. Ne3 h5 29. Rd2 Ba6 30. Nd4 Re8 31. Nb3 Ne5 32. Nxa5 Rf8 33. Nb3 Ng4 34.
Nc5 Nxe3 35. Nxe6+ Kf7 36. Nxf8 Kxf8 37. b3 Kf7 38. h3 Ke6 39. c4 Ke5 40. cxd5
Nxd5 41. Kf2 h4 42. a4 g5 43. Rc2 Kd6 44. Rb2 Kc5 45. Kf3 Kb4 46. Kg4 Bb7 47.
Kxg5 Ne3 48. Kxh4 Nxg2+ 49. Kg5 Kc3 50. Re2 1-0

[Event "Lliga Catalana DH Final A"]
[Site "?"]
[Date "2015.03.21"]
[Round "9.5"]
[White "Bofill Mas, A."]
[Black "Alexandrova, O."]
[Result "1/2-1/2"]
[WhiteElo "2437"]
[BlackElo "2438"]
[PlyCount "57"]
[EventDate "2015.??.??"]
[EventType "team"]

1. c4 c5 2. g3 Nf6 3. Bg2 d5 4. cxd5 Nxd5 5. Nc3 Nc7 6. Nf3 Nc6 7. O-O e5 8. a3
Rb8 9. e3 Be7 10. d4 exd4 11. exd4 cxd4 12. Ne2 Ne6 13. b4 Bf6 14. Bb2 O-O 15.
Qd3 Qb6 16. Rfd1 Rd8 17. Rac1 a6 18. Rc2 Bd7 19. Rcd2 Be8 20. Qe4 a5 21. Nexd4
Nexd4 22. Nxd4 axb4 23. Nxc6 Bxc6 24. Qxb4 Rxd2 25. Rxd2 Qxb4 26. axb4 Bxb2 27.
Rxb2 Kf8 28. Rc2 Ke7 29. Bxc6 1/2-1/2

[Event "Lliga Catalana DH Final A"]
[Site "?"]
[Date "2015.03.21"]
[Round "9.6"]
[White "Aloma Vidal, R."]
[Black "Aranaz Murillo, A."]
[Result "1/2-1/2"]
[WhiteElo "2418"]
[BlackElo "2344"]
[PlyCount "79"]
[EventDate "2015.??.??"]
[EventType "team"]

1. d4 e6 2. c4 Bb4+ 3. Bd2 a5 4. g3 d6 5. Bg2 Nc6 6. e3 Nf6 7. Ne2 O-O 8. O-O
e5 9. Bc1 a4 10. a3 Ba5 11. d5 Ne7 12. Qxa4 Bg4 13. Qc2 Nd7 14. Nbc3 f5 15. Na4
c5 16. dxc6 bxc6 17. b4 Bc7 18. Nac3 Qe8 19. h3 Bh5 20. b5 Nc5 21. bxc6 Nxc6
22. Nd5 Ba5 23. Nec3 f4 24. exf4 Nd4 25. Qa2 exf4 26. Bxf4 Bxc3 27. Nxc3 Rxf4
28. gxf4 Bf3 29. Nd5 Qh5 30. Rfe1 Kh8 31. Kh2 Qg6 32. Rg1 Bxg2 33. Rxg2 Nf3+
34. Kh1 Qh5 35. Rg3 Ne4 36. Kg2 Nh4+ 37. Kg1 Nf3+ 38. Kg2 Nh4+ 39. Kg1 Nf3+ 40.
Kg2 1/2-1/2

[Event "Lliga Catalana DH Final A"]
[Site "?"]
[Date "2015.03.21"]
[Round "9.7"]
[White "Ramirez Garcia, JA."]
[Black "Martin Gonzalez, A."]
[Result "1/2-1/2"]
[WhiteElo "2344"]
[BlackElo "2463"]
[PlyCount "55"]
[EventDate "2015.??.??"]
[EventType "team"]

1. e4 c5 2. c3 Nf6 3. e5 Nd5 4. Nf3 e6 5. g3 Nc6 6. Bg2 d6 7. exd6 Bxd6 8. O-O
O-O 9. d4 cxd4 10. Nxd4 Qb6 11. Nd2 Nxd4 12. Nc4 Qa6 13. Nxd6 Ne2+ 14. Kh1 Nxc1
15. Nxc8 Nd3 16. Bxd5 exd5 17. Ne7+ Kh8 18. Qe2 Rfe8 19. b3 Qe6 20. Qxd3 Rxe7
21. Rad1 Qc6 22. Qxd5 Qxc3 23. Qd8+ Re8 24. Qd7 Qf3+ 25. Kg1 h6 26. Rd4 Qf6 27.
Rfd1 Re7 28. Qd6 1/2-1/2

[Event "Lliga Catalana DH Final A"]
[Site "?"]
[Date "2015.03.21"]
[Round "9.10"]
[White "Ibañez Tarradellas, E."]
[Black "Reverdy, MF."]
[Result "1-0"]
[WhiteElo "2360"]
[BlackElo "1788"]
[PlyCount "39"]
[EventDate "2015.??.??"]
[EventType "team"]

1. d4 Nf6 2. Bg5 Ne4 3. Bf4 d5 4. e3 e6 5. Bd3 Nf6 6. Nf3 Be7 7. Nbd2 c5 8. c3
Nc6 9. Ne5 Bd7 10. g4 h6 11. Qf3 cxd4 12. exd4 a6 13. h4 Nxe5 14. Bxe5 Qb6 15.
O-O-O Bb5 16. Bc2 h5 17. g5 Ng4 18. Bxg7 Rg8 19. Be5 Bd6 20. Bh7 1-0

[Event "Lliga Catalana DH Final A"]
[Site "?"]
[Date "2015.04.11"]
[Round "10.1"]
[White "Kouatly, B."]
[Black "Narciso Dublan, M."]
[Result "1/2-1/2"]
[WhiteElo "2453"]
[BlackElo "2570"]
[PlyCount "67"]
[EventDate "2015.??.??"]
[EventType "team"]

1. d4 f5 2. Bg5 g6 3. e4 fxe4 4. Nc3 d5 5. f3 Nf6 6. fxe4 Nxe4 7. Nxe4 dxe4 8.
Bc4 Nc6 9. c3 Na5 10. Ne2 Nxc4 11. Qa4+ c6 12. Qxc4 Qd5 13. Qxd5 cxd5 14. Nf4
e6 15. Bf6 Rg8 16. c4 Bb4+ 17. Ke2 Rf8 18. Be5 dxc4 19. h4 Bd7 20. a3 Ba5 21.
h5 g5 22. Nh3 Bd8 23. Nf2 Bc6 24. Ke3 Rf5 25. Nxe4 Rxe5 26. dxe5 Bb6+ 27. Kf3
O-O-O 28. Rhe1 Rd3+ 29. Kg4 Rd4 30. Kf3 Bc7 31. Re3 Bxe5 32. Rae1 Bf4 33. R3e2
Rd3+ 34. Kf2 1/2-1/2

[Event "Lliga Catalana DH Final A"]
[Site "?"]
[Date "2015.04.11"]
[Round "10.2"]
[White "Gual Pascual, A."]
[Black "Gonzalez Rodriguez, JA."]
[Result "1-0"]
[WhiteElo "2511"]
[BlackElo "2466"]
[PlyCount "64"]
[EventDate "2015.??.??"]
[EventType "team"]

1. c4 c5 2. g3 Nc6 3. Bg2 g6 4. Nc3 Bg7 5. d3 b6 6. Nf3 Bb7 7. O-O d6 8. Bg5
Qd7 9. e4 e6 10. a3 Nge7 11. Qc1 h6 12. Bd2 Rc8 13. Rb1 Nd4 14. b4 Kf8 15. Re1
Kg8 16. b5 Kh7 17. a4 f5 18. a5 Rhe8 19. Na4 Nxf3+ 20. Bxf3 Qc7 21. Bg2 e5 22.
a6 Ba8 23. Nc3 Rf8 24. Bh3 Ng8 25. Rf1 Qd7 26. Qc2 Rf7 27. f3 Nf6 28. Rf2 Ne8
29. Rbf1 Nc7 30. exf5 gxf5 31. f4 exf4 32. Rxf4 Bd4+ 1-0

[Event "Lliga Catalana DH Final A"]
[Site "?"]
[Date "2015.04.11"]
[Round "10.3"]
[White "Cuadras Avellana, J."]
[Black "Bofill Mas, A."]
[Result "1/2-1/2"]
[WhiteElo "2357"]
[BlackElo "2437"]
[PlyCount "36"]
[EventDate "2015.??.??"]
[EventType "team"]

1. e4 c5 2. Nf3 e6 3. g3 Nf6 4. e5 Nd5 5. b3 Nc6 6. Bb2 Be7 7. c4 Nc7 8. Bg2
O-O 9. O-O f6 10. d4 cxd4 11. exf6 Bxf6 12. Nxd4 d5 13. cxd5 exd5 14. Na3 Bf5
15. Nxc6 bxc6 16. Bxf6 Rxf6 17. Nc2 Qd7 18. Rc1 Bh3 1/2-1/2

[Event "Lliga Catalana DH Final A"]
[Site "?"]
[Date "2015.04.11"]
[Round "10.4"]
[White "Aranaz Murillo, A."]
[Black "Pinsach Gelabert, A."]
[Result "1-0"]
[WhiteElo "2344"]
[BlackElo "2314"]
[PlyCount "73"]
[EventDate "2015.??.??"]
[EventType "team"]

1. Nf3 d5 2. c4 e6 3. g3 c5 4. Bg2 Nc6 5. O-O Nf6 6. cxd5 exd5 7. d4 Be7 8. Nc3
O-O 9. dxc5 Bxc5 10. a3 Re8 11. b4 Be7 12. Bb2 Bg4 13. h3 Bh5 14. Rc1 Qd7 15.
Qb3 Rad8 16. Rfd1 Bxf3 17. exf3 d4 18. Na4 d3 19. Rd2 b5 20. Nc5 Bxc5 21. Rxc5
Nd4 22. Bxd4 Qxd4 23. Qc3 Re1+ 24. Bf1 g6 25. Kg2 Qxc3 26. Rxc3 Ra1 27. Rcxd3
Rxd3 28. Rxd3 Kg7 29. Be2 a6 30. f4 Ne8 31. Bf3 Nc7 32. Rc3 Ne8 33. Bb7 Nd6 34.
Bxa6 Nc4 35. Bxb5 Nxa3 36. Bd3 Kf6 37. b5 1-0

[Event "Lliga Catalana DH Final A"]
[Site "?"]
[Date "2015.04.11"]
[Round "10.5"]
[White "Serra Pages, J."]
[Black "Ramirez Garcia, JA."]
[Result "0-1"]
[WhiteElo "2291"]
[BlackElo "2344"]
[PlyCount "71"]
[EventDate "2015.??.??"]
[EventType "team"]

1. d4 c5 2. d5 g6 3. e4 Bg7 4. h4 d6 5. h5 e5 6. g4 gxh5 7. gxh5 Qf6 8. Nc3 Na6
9. Bb5+ Kf8 10. Be3 Bh6 11. Qd2 Nc7 12. Be2 Bxe3 13. Qxe3 Qh6 14. Nf3 Qxe3 15.
fxe3 Ke7 16. O-O-O Ne8 17. Nh4 Nh6 18. Rhg1 Nf6 19. Rg3 Bd7 20. Rdg1 Rag8 21.
Kd1 Rxg3 22. Rxg3 Rg8 23. Rxg8 Nfxg8 24. Bf3 Kf6 25. Be2 a6 26. Kd2 Ne7 27. Bd1
Bg4 28. Bxg4 Nxg4 29. Nf3 Kg7 30. Ne2 Kh6 31. Ng3 Nf6 32. Ke2 Nxh5 33. Kf2 Nxg3
34. Kxg3 f5 35. a4 Kg6 36. Nd2 0-1

[Event "Lliga Catalana DH Final A"]
[Site "?"]
[Date "2015.04.11"]
[Round "10.6"]
[White "Avila Jimenez, X."]
[Black "Casanellas Ruano, L."]
[Result "1/2-1/2"]
[WhiteElo "2308"]
[BlackElo "2270"]
[PlyCount "87"]
[EventDate "2015.??.??"]
[EventType "team"]

1. d4 d5 2. c4 c6 3. cxd5 cxd5 4. Bf4 Nf6 5. e3 Bf5 6. Nc3 e6 7. Qb3 Qb6 8.
Bb5+ Nc6 9. Nf3 Nd7 10. O-O a6 11. Bxc6 bxc6 12. Rfc1 f6 13. Qd1 Be7 14. Nh4
Bg6 15. Na4 Qb5 16. Nxg6 hxg6 17. Qc2 g5 18. Bg3 Rc8 19. Nc3 Qb7 20. Qg6+ Kf8
21. f4 Rh6 22. Qc2 f5 23. b4 g4 24. Rab1 Nb6 25. Qd3 Kf7 26. Rb3 Rhh8 27. Nd1
Nc4 28. Nc3 Nb6 29. Rcb1 Rb8 30. Be1 g6 31. Ne2 Nc4 32. Nc3 Nb6 33. Rc1 Ra8 34.
Ne2 Nc4 35. Rc2 Qd7 36. Nc3 Nb6 37. Nd1 Nc4 38. Nc3 Nb6 39. Nb1 Rhb8 40. Nc3
Qb7 41. Rc1 Qd7 42. Ne2 Nc4 43. Ng3 Rb7 44. Rcb1 1/2-1/2

[Event "Lliga Catalana DH Final A"]
[Site "?"]
[Date "2015.04.11"]
[Round "10.7"]
[White "Colls Gelaberto, E."]
[Black "Lopez Agustench, E."]
[Result "1/2-1/2"]
[WhiteElo "2238"]
[BlackElo "2328"]
[PlyCount "64"]
[EventDate "2015.??.??"]
[EventType "team"]

1. Nf3 d5 2. d4 Nf6 3. c4 e6 4. g3 Be7 5. Bg2 O-O 6. Qc2 c6 7. O-O Nbd7 8. b3
b6 9. Nc3 Ba6 10. Rd1 Rc8 11. e4 b5 12. e5 Ne8 13. c5 Bb7 14. Ne1 a5 15. Nd3
Nc7 16. a3 Kh8 17. f4 Qe8 18. Rf1 f5 19. Qe2 Rg8 20. b4 a4 21. g4 fxg4 22. Qxg4
Qg6 23. Qxg6 hxg6 24. Rf3 Rgf8 25. Be3 Kg8 26. Ne1 Kf7 27. Bf1 Rh8 28. Bd3 Rcg8
29. Ra2 Bh4 30. Ng2 Be7 31. Ne1 Bh4 32. Ng2 Be7 1/2-1/2

[Event "Lliga Catalana DH Final A"]
[Site "?"]
[Date "2015.04.11"]
[Round "10.8"]
[White "Moreno Garcia, EP."]
[Black "Fernandez Garcia, F."]
[Result "1/2-1/2"]
[WhiteElo "2158"]
[BlackElo "2235"]
[PlyCount "45"]
[EventDate "2015.??.??"]
[EventType "team"]

1. d4 Nf6 2. Bg5 c5 3. Nf3 h6 4. Bxf6 gxf6 5. c3 cxd4 6. cxd4 d6 7. d5 Bg7 8.
Nc3 Qa5 9. e3 O-O 10. Bd3 f5 11. Qb3 Nd7 12. O-O Nc5 13. Qc2 Nxd3 14. Qxd3 Qb4
15. Rab1 Bd7 16. a3 Qg4 17. Ne2 Rac8 18. Nf4 Be5 19. h3 Qg7 20. Nh5 Qg6 21. Nf4
Qg7 22. Nh5 Qg6 23. Nf4 1/2-1/2

[Event "Lliga Catalana DH Final A"]
[Site "?"]
[Date "2015.04.11"]
[Round "10.9"]
[White "Lillo Ferrer, JM."]
[Black "Yastrebova, T."]
[Result "1-0"]
[WhiteElo "2189"]
[BlackElo "2110"]
[PlyCount "111"]
[EventDate "2015.??.??"]
[EventType "team"]

1. g3 d5 2. Bg2 Nf6 3. d3 c6 4. Nd2 e6 5. Ngf3 Nbd7 6. O-O Be7 7. e4 dxe4 8.
dxe4 Qc7 9. Re1 e5 10. a4 O-O 11. Qe2 Re8 12. h3 Bf8 13. b3 g6 14. Bb2 Bg7 15.
Nc4 b6 16. Qe3 Ba6 17. Bf1 Bxc4 18. Bxc4 h6 19. Red1 Nc5 20. Nd2 Nh7 21. Kg2
Rad8 22. h4 Nf6 23. Be2 Kh7 24. f3 Ne6 25. c3 Nc5 26. Bc4 h5 27. b4 Ne6 28. Bb3
Nd7 29. Qe2 c5 30. b5 Ndf8 31. Nc4 Qe7 32. Ne3 Nc7 33. Nd5 Nxd5 34. Bxd5 Nd7
35. a5 Nf6 36. axb6 axb6 37. Ra6 Nxd5 38. exd5 Rd6 39. c4 e4 40. Bxg7 Kxg7 41.
fxe4 Qxe4+ 42. Qxe4 Rxe4 43. Rc1 f5 44. Kf3 Kf6 45. Ra8 Ke7 46. Rc2 Rf6 47. Rb8
Rd6 48. Re2 Rxe2 49. Kxe2 Kd7 50. Ke3 Ke7 51. Kf4 Kf6 52. Rc8 Kg7 53. Rc6 Rd7
54. Rxb6 Re7 55. Re6 Ra7 56. Rc6 1-0

[Event "Lliga Catalana DH Final A"]
[Site "?"]
[Date "2015.04.11"]
[Round "10.10"]
[White "Reverdy, MF."]
[Black "Alonso Jimenez, J."]
[Result "1/2-1/2"]
[WhiteElo "1791"]
[BlackElo "2113"]
[PlyCount "110"]
[EventDate "2015.??.??"]
[EventType "team"]

1. d4 c5 2. d5 Nf6 3. c4 b5 4. cxb5 a6 5. b6 Qxb6 6. Nc3 d6 7. e4 g6 8. Nf3
Nbd7 9. Be2 Bg7 10. O-O O-O 11. a4 Qc7 12. Nd2 Ne5 13. f4 Neg4 14. Nc4 Nh6 15.
a5 Bd7 16. Nb6 Ra7 17. h3 Ne8 18. Be3 Qd8 19. Nxd7 Qxd7 20. g4 f5 21. e5 Kh8
22. g5 Ng8 23. Qd2 Qb7 24. h4 dxe5 25. fxe5 Bxe5 26. Bxc5 Ra8 27. Bd4 Qc7 28.
Rac1 Ng7 29. Bxe5 Qxe5 30. Qf4 Qxf4 31. Rxf4 Rfb8 32. Na4 e5 33. Rfc4 Rd8 34.
Nb6 Rab8 35. Rc7 f4 36. Bxa6 Nf5 37. Bf1 e4 38. Bh3 Nxh4 39. Rd7 Rxd7 40. Bxd7
Nf3+ 41. Kf2 Nxg5 42. Bg4 Nf6 43. Bd1 h5 44. Rc8+ Rxc8 45. Nxc8 Nxd5 46. a6 e3+
47. Ke1 f3 48. a7 Nc7 49. Nb6 h4 50. Nd5 Na8 51. Nxe3 Kg7 52. Kf2 Kf6 53. b4
Ke5 54. Bxf3 Nxf3 55. Kxf3 Kd4 1/2-1/2

[Event "Lliga Catalana DH Final A"]
[Site "?"]
[Date "2015.04.11"]
[Round "10.2"]
[White "Lopez Martinez, JM."]
[Black "Delorme, A."]
[Result "1/2-1/2"]
[WhiteElo "2571"]
[BlackElo "2483"]
[PlyCount "82"]
[EventDate "2015.??.??"]
[EventType "team"]

1. e4 e5 2. Nf3 Nc6 3. Bb5 a6 4. Ba4 Nf6 5. O-O Nxe4 6. d4 b5 7. Bb3 d5 8. dxe5
Be6 9. Nbd2 Nc5 10. c3 Be7 11. Bc2 d4 12. Nxd4 Nxd4 13. cxd4 Qxd4 14. Nf3 Qxd1
15. Rxd1 O-O 16. Nd4 Rfd8 17. Be3 Bd5 18. h4 Ne6 19. Nf5 Bf8 20. f3 a5 21. Ng3
a4 22. Be4 c6 23. f4 g6 24. Bxd5 cxd5 25. f5 gxf5 26. Nxf5 d4 27. Nxd4 Nxd4 28.
Rxd4 Rxd4 29. Bxd4 Rd8 30. Be3 Bg7 31. Bf4 Rd4 32. g3 Re4 33. Kf2 Bxe5 34. Kf3
f5 35. Bxe5 Rxe5 36. Rd1 Re4 37. a3 b4 38. Rd7 Rc4 39. h5 h6 40. axb4 Rxb4 41.
Ra7 Rxb2 1/2-1/2

[Event "Lliga Catalana DH Final A"]
[Site "?"]
[Date "2015.04.11"]
[Round "10.3"]
[White "Vila Gazquez, X."]
[Black "Alonso Rosell, A."]
[Result "1/2-1/2"]
[WhiteElo "2512"]
[BlackElo "2578"]
[PlyCount "41"]
[EventDate "2015.??.??"]
[EventType "team"]

1. Nf3 Nf6 2. d4 c5 3. e3 g6 4. Bd3 Bg7 5. O-O O-O 6. Nbd2 Qc7 7. Re1 d5 8. b3
Nc6 9. Ba3 Nd7 10. c4 dxc4 11. Nxc4 b5 12. Ncd2 cxd4 13. exd4 Nxd4 14. Bxe7 Re8
15. Rc1 Qb6 16. Be4 Bb7 17. Bxb7 Qxb7 18. Nxd4 Bxd4 19. Nf3 Bg7 20. Qd6 Rac8
21. h3 1/2-1/2

[Event "Lliga Catalana DH Final A"]
[Site "?"]
[Date "2015.04.11"]
[Round "10.5"]
[White "Alexandrova, O."]
[Black "Perpinya Rofes, LM."]
[Result "0-1"]
[WhiteElo "2438"]
[BlackElo "2443"]
[PlyCount "101"]
[EventDate "2015.??.??"]
[EventType "team"]

1. d4 Nf6 2. Bg5 Ne4 3. Bf4 c5 4. f3 Qa5+ 5. c3 Nf6 6. Nd2 cxd4 7. Nb3 Qd8 8.
cxd4 e6 9. e4 Nc6 10. Bd3 a5 11. Ne2 a4 12. Nd2 d5 13. O-O Qb6 14. Kh1 Be7 15.
b3 O-O 16. bxa4 Qa7 17. Nb3 dxe4 18. fxe4 e5 19. Bg3 exd4 20. e5 Ng4 21. Nexd4
Nxd4 22. Nxd4 Ne3 23. Bxh7+ Kh8 24. Qd3 Nxf1 25. Rxf1 Qa6 26. Nb5 g6 27. e6
Bxe6 28. Bxg6 fxg6 29. Re1 Bf5 30. Qe3 Bf6 31. Nc7 Qxa4 32. Nxa8 Qxa8 33. Be5
Qd8 34. h3 Bxe5 35. Qxe5+ Qf6 36. Qc7 Rf7 37. Qb8+ Kg7 38. Qe8 Qc6 39. Qe5+ Qf6
40. Qe8 Bd7 41. Qe3 Bc6 42. Kg1 Rd7 43. Kh1 Rd8 44. a3 Re8 45. Qg3 Rxe1+ 46.
Qxe1 Kf7 47. Qg3 Ke6 48. Qb3+ Kd6 49. Qb4+ Kc7 50. Kh2 Qd6+ 51. Kh1 0-1

[Event "Lliga Catalana DH Final A"]
[Site "?"]
[Date "2015.04.11"]
[Round "10.6"]
[White "Rojas Keim, LA."]
[Black "Aloma Vidal, R."]
[Result "0-1"]
[WhiteElo "2471"]
[BlackElo "2482"]
[PlyCount "76"]
[EventDate "2015.??.??"]
[EventType "team"]

1. e4 d5 2. exd5 Qxd5 3. Nc3 Qd6 4. d4 Nf6 5. Nb5 Qb6 6. c4 c6 7. Nc3 Bg4 8.
Be2 Bxe2 9. Ngxe2 g6 10. Bg5 Bg7 11. Qd2 Nbd7 12. O-O O-O 13. Bh6 Rad8 14. Bxg7
Kxg7 15. Rad1 Qb4 16. b3 b5 17. cxb5 cxb5 18. Qg5 a6 19. Rd3 h6 20. Qf4 Nb6 21.
Rh3 Rh8 22. Rd1 Qd6 23. Qe3 Nbd5 24. Nxd5 Nxd5 25. Qd2 Rc8 26. Ng3 Qf4 27. Qe1
Rc6 28. Rh5 Nc3 29. d5 Rd8 30. Rd3 Nxa2 31. dxc6 Rxd3 32. Rc5 Qd4 33. Qxe7 Rd1+
34. Nf1 Qd3 35. Qe5+ Kh7 36. h3 Qxf1+ 37. Kh2 Qxf2 38. c7 Rd2 0-1

[Event "Lliga Catalana DH Final A"]
[Site "?"]
[Date "2015.04.11"]
[Round "10.7"]
[White "Martin Gonzalez, A."]
[Black "Lorenzo de la Riva, L."]
[Result "1-0"]
[WhiteElo "2463"]
[BlackElo "2428"]
[PlyCount "79"]
[EventDate "2015.??.??"]
[EventType "team"]

1. e4 e6 2. d4 d5 3. Nd2 Nf6 4. Bd3 c5 5. c3 Nc6 6. Ngf3 cxd4 7. cxd4 dxe4 8.
Nxe4 Bb4+ 9. Nc3 O-O 10. O-O b6 11. Bg5 Be7 12. Rc1 Nb4 13. Bb1 Bb7 14. Ne5 g6
15. Re1 Rc8 16. Qe2 Nh5 17. Bh6 Bg5 18. Bxf8 Bxc1 19. Bxb4 Nf4 20. Qg4 h5 21.
Qg3 h4 22. Qg4 f5 23. Qd1 Bxg2 24. Qxc1 Qg5 25. Qxf4 Qxf4 26. Ne2 Qh6 27. Kxg2
h3+ 28. Kh1 g5 29. Bd2 Kf8 30. Rg1 Qh5 31. f3 g4 32. fxg4 Qh7 33. Nf4 Qb7+ 34.
d5 exd5 35. Ne6+ Ke7 36. Nd4 Rc4 37. gxf5 Kd6 38. Rg6+ Kc5 39. b4+ Rxb4 40.
Rc6+ 1-0

[Event "Lliga Catalana DH Final A"]
[Site "?"]
[Date "2015.04.11"]
[Round "10.8"]
[White "Rahal, M."]
[Black "Arias Boo, G."]
[Result "1-0"]
[WhiteElo "2437"]
[BlackElo "2389"]
[PlyCount "91"]
[EventDate "2015.??.??"]
[EventType "team"]

1. Nf3 d5 2. d4 Nf6 3. e3 Nbd7 4. Bd3 e6 5. O-O Bd6 6. c4 dxc4 7. Bxc4 O-O 8.
Nc3 e5 9. h3 a6 10. a4 h6 11. Qc2 Re8 12. Ba2 Qe7 13. Nh4 Nf8 14. Nf5 Bxf5 15.
Qxf5 c6 16. dxe5 Bxe5 17. Bd2 Rad8 18. Rfd1 b5 19. Qc2 b4 20. Ne2 c5 21. Bc4
Bb8 22. Be1 Qc7 23. Ng3 h5 24. Rxd8 Rxd8 25. Rd1 Rxd1 26. Qxd1 Qe5 27. Qb3 Ne6
28. Bxa6 h4 29. Nf1 Ne4 30. Bc4 Bc7 31. f3 Nd6 32. Be2 Nf5 33. Bf2 Ng3 34. Bxg3
hxg3 35. Bc4 Qf6 36. Qa2 Qf5 37. b3 Ba5 38. Nxg3 Qe5 39. Nf1 Qc3 40. Qd2 Qe5
41. Qd5 Qxd5 42. Bxd5 Nc7 43. Bc4 Kf8 44. Nd2 f5 45. Bd3 Nd5 46. Nc4 1-0

[Event "Lliga Catalana DH Final A"]
[Site "?"]
[Date "2015.04.11"]
[Round "10.9"]
[White "Ibañez Tarradellas, E."]
[Black "Colon Garcia, E."]
[Result "0-1"]
[WhiteElo "2364"]
[BlackElo "2403"]
[PlyCount "110"]
[EventDate "2015.??.??"]
[EventType "team"]

1. d4 Nf6 2. Bg5 Ne4 3. Bf4 e6 4. e3 d5 5. Bd3 Nf6 6. Nf3 c5 7. c3 Qb6 8. Qb3
c4 9. Qxb6 axb6 10. Bc2 Nc6 11. O-O b5 12. Ne5 Nh5 13. b4 Nxf4 14. exf4 Nxb4
15. cxb4 Bxb4 16. a3 O-O 17. axb4 Rxa1 18. Nc3 Ra3 19. Nxb5 Ra2 20. Rc1 Rb2 21.
Nc3 Rxb4 22. Ba4 f6 23. Nf3 Rd8 24. Kf1 Rd6 25. Ke1 Ra6 26. Bc2 g6 27. g4 Ra3
28. Kd2 Rb2 29. Ng1 b5 30. Nd1 Rba2 31. Nc3 Rb2 32. Nd1 Rba2 33. Nc3 Ra1 34.
Nxb5 Rxc1 35. Kxc1 Ra5 36. Nc3 e5 37. fxe5 fxe5 38. Nf3 exd4 39. Nxd4 Bxg4 40.
Nc6 Ra1+ 41. Bb1 Kg7 42. Nxd5 Bf5 43. Nc3 Bxb1 44. Nxb1 Ra2 45. Nd2 c3 46. Ne4
Re2 47. f3 Rxh2 48. Nd4 h5 49. Nxc3 h4 50. Nce2 h3 51. Ng3 Rg2 52. Nde2 Kh6 53.
Kd1 Kg5 54. Ke1 Kh4 55. Nh1 Rh2 0-1